00588nam a2200169 a 450000100100000000500170001000800410002704000250006808200150009310000270010824500410013526000760017630000270025204900090027995201130028899900170040100003431320200930073631.0111003s1954 dr a 000 0 spa d aDO-SdBNPbspacBNPHU axxxbS714t1 aSoriano, German93798010aTrujillo y el mundo en que vivimos/. aCiudad Trujillo, República Dominicana :bImpresora Dominicana,c1954. a30 p. :bil. ;c22 cm. aBNPD 0010718PDaPDbPDcCTd2011-10-03iLF1l0oxxx S714tp34313-10r2020-06-25w2020-06-25yLFPDZNo se presta c33804d33804